2024-2025 NCAA Men's DI Bracket-Easy - Statistics

General Stats
  • This quiz has been taken 6 times
  • The average score is 43 of 68
Answer Stats
Seed Round of 64 (South) % Correct
2 Alabama
100%
4 Arizona
100%
1 Auburn
100%
9 Baylor
100%
1 Florida
100%
8 Gonzaga
100%
1 Houston
100%
6 Illinois
100%
7 Kansas
100%
3 Kentucky
100%
5 Michigan
100%
2 Michigan St
100%
2 Tennessee
100%
11 Texas
100%
3 Texas Tech
100%
7 UCLA
100%
8 UConn
100%
10 Arkansas
75%
6 BYU
75%
5 Clemson
75%
12 Colorado St
75%
1 Duke
75%
8 Louisville
75%
7 Marquette
75%
4 Maryland
75%
5 Memphis
75%
10 New Mexico
75%
11 North Carolina
75%
9 Oklahoma
75%
6 Ole Miss
75%
15 Omaha
75%
5 Oregon
75%
4 Purdue
75%
7 Saint Mary's
75%
4 Texas A&M
75%
10 Utah St
75%
10 Vanderbilt
75%
11 VCU
75%
3 Wisconsin
75%
13 Akron
50%
9 Creighton
50%
11 Drake
50%
9 Georgia
50%
3 Iowa St
50%
12 Liberty
50%
14 Montana
50%
11 San Diego St
50%
2 St John's
50%
13 Yale
50%
16 Alabama St
25%
16 American
25%
15 Bryant
25%
13 Grand Canyon
25%
13 High Point
25%
14 Lipscomb
25%
12 McNeese
25%
8 Mississippi St
25%
6 Missouri
25%
16 Mount St Marys
25%
16 Norfolk St
25%
15 Robert Morris
25%
16 Saint Francis
25%
16 SIUE
25%
14 Troy
25%
12 UC San Diego
25%
14 UNC Wilmington
25%
15 Wofford
25%
11 Xavier
25%
No matching quizzes found
Score Distribution
Percent of People with Each Score
Percentile by Number Answered
Your Score History
You have not taken this quiz